00401 2200169 4500245004000000020002200040250001100062100001600073700002100089650001700110005001900127260002800146041001400174084001100188300002300199336000900222 aBumi dan LukanyacRevianaaprlhText a978-623-310-057-1 aCet. 1 aRevianaaprl aSuci Puspitarani aNovel Remaja a20230713141710 aJakartabLoveablec2022 aIndonesia a808.83 a280 hlm. :c19 cm. atext